[Event "Montreal CC-ch"]
[Site "Montreal CAN"]
[Date "2018.06.09"]
[Round "3.9"]
[White "Barko, Maxim"]
[Black "Richard, Leo"]
[Result "1/2-1/2"]
[WhiteElo "1919"]
[BlackElo "1875"]
[PlyCount "128"]
[EventDate "2018.06.08"]
[EventType "swiss"]
[EventRounds "5"]
[EventCountry "CAN"]

1. d4 Nf6 2. c4 c5 3. d5 e6 4. Nc3 exd5 5. cxd5 d6 6. e4 g6 7. Bb5+ Bd7 8. Bd3
Bg7 9. f4 O-O 10. Nf3 Re8 11. O-O b5 12. e5 dxe5 13. fxe5 Ng4 14. e6 fxe6 15.
dxe6 Bxe6 16. Bxb5 Nd7 17. Bf4 c4 18. Qd6 Bf8 19. Qd2 Bb4 20. Kh1 Qe7 21. Ng5
Rad8 22. Nxe6 Qxe6 23. Rae1 Nde5 24. Qe2 Rf8 25. h3 Bxc3 26. bxc3 Qd5 27. hxg4
Nd3 28. Qe4 Qxb5 29. Qe6+ Rf7 30. Bc7 Qd7 31. Rxf7 Qxe6 32. Rxe6 Kxf7 33. Ra6
Rd7 34. Rxa7 Nf2+ 35. Kg1 Ne4 36. Bb6 Rxa7 37. Bxa7 Nxc3 38. a3 Nb5 39. Bc5 c3
40. a4 c2 41. Be3 Nc3 42. a5 Nd5 43. Bc1 Nb4 44. Kh2 Ke6 45. Kg3 Kd5 46. Kh4
Nd3 47. a6 Kc6 48. Be3 c1=Q 49. Bxc1 Nxc1 50. Kg5 Nd3 51. Kh6 Ne5 52. g5 Nf7+
53. Kxh7 Nxg5+ 54. Kxg6 Ne4 55. Kf5 Nf2 56. Kf4 Kb6 57. Kf3 Nd3 58. Ke4 Nf2+
59. Ke3 Ng4+ 60. Kf4 Nf2 61. g3 Kxa6 62. Kf3 Nd3 63. Ke3 Ne5 64. Kf4 Nd3+
1/2-1/2

[Event "Montreal CC-ch"]
[Site "Montreal CAN"]
[Date "2018.06.09"]
[Round "3.10"]
[White "Allaire, Denis"]
[Black "Lopez Linares, Lizandro"]
[Result "0-1"]
[WhiteElo "1606"]
[BlackElo "2211"]
[PlyCount "88"]
[EventDate "2018.06.08"]
[EventType "swiss"]
[EventRounds "5"]
[EventCountry "CAN"]

1. e4 d5 2. exd5 Qxd5 3. Nc3 Qa5 4. g3 Nf6 5. Bg2 c6 6. Nge2 Bf5 7. O-O e6 8.
d3 Bd6 9. a3 O-O 10. Bd2 Qc7 11. b4 Rd8 12. b5 a6 13. bxc6 Nxc6 14. a4 Rac8 15.
Rb1 Nb4 16. Rb3 Bf8 17. Qb1 a5 18. Rc1 e5 19. Nb5 Qd7 20. Nec3 Bh3 21. Ne4 Ne8
22. Rc3 h6 23. Rxc8 Rxc8 24. Be3 Bxg2 25. Kxg2 f5 26. Qb3+ Kh7 27. Nd2 f4 28.
Nc4 fxe3 29. Nxe5 Qe7 30. f4 Nf6 31. c4 Nd7 32. Re1 Nxe5 33. Rxe3 Qd8 34. fxe5
Bc5 35. Rf3 Bd4 36. Nd6 Rc7 37. Nf7 Qe8 38. c5 Rxc5 39. e6 Rc2+ 40. Kh3 Qc6 41.
e7 Qxf3 42. Ng5+ hxg5 43. Qg8+ Kxg8 44. e8=Q+ Qf8 0-1

[Event "Montreal CC-ch"]
[Site "Montreal CAN"]
[Date "2018.06.09"]
[Round "3.11"]
[White "Tsukerman, Julia"]
[Black "Guipi Bopala, Prince Eric jr"]
[Result "1-0"]
[WhiteElo "1583"]
[BlackElo "1884"]
[PlyCount "121"]
[EventDate "2018.06.08"]
[EventType "swiss"]
[EventRounds "5"]
[EventCountry "CAN"]

1. e4 e5 2. Nf3 Nc6 3. Bb5 a6 4. Ba4 Nf6 5. d3 b5 6. Bb3 Be7 7. O-O O-O 8. Re1
d6 9. c3 Na5 10. Bc2 c5 11. Nbd2 Nc6 12. Nf1 h6 13. Ng3 Re8 14. h3 Qc7 15. a4
Bd7 16. Re2 Bf8 17. d4 exd4 18. cxd4 g6 19. b3 Bg7 20. Bb2 Nh7 21. Rc1 Rab8 22.
axb5 axb5 23. Bb1 Qa7 24. dxc5 dxc5 25. Bxg7 Kxg7 26. Ra2 Qb7 27. Rxc5 Be6 28.
Bd3 b4 29. Bc4 Bxc4 30. Rxc4 Nf6 31. Qc1 Rbc8 32. Rac2 Na7 33. Rc7 Rxc7 34.
Rxc7 Qb6 35. Qc4 Rf8 36. Ne5 Nh7 37. Rxf7+ Kh8 38. Qc7 Qxc7 39. Nxg6+ Kg8 40.
Rxc7 Rf7 41. Rxf7 Kxf7 42. Ne5+ Ke6 43. f4 Kd6 44. Nd3 Nc6 45. Nf5+ Kc7 46.
Nxh6 Kb6 47. Nf5 Nf6 48. e5 Nd5 49. h4 Na5 50. e6 Nxb3 51. Nxb4 Nc7 52. e7 Kc5
53. Na6+ Nxa6 54. e8=Q Na5 55. h5 Nc6 56. h6 Kb6 57. h7 Kb5 58. h8=Q Kb6 59.
Qf6 Nab4 60. Qexc6+ Nxc6 61. Ne7 1-0

[Event "Montreal CC-ch"]
[Site "Montreal CAN"]
[Date "2018.06.10"]
[Round "4.3"]
[White "Abdelaal, Ibrahim"]
[Black "Zheng, Richard"]
[Result "1-0"]
[WhiteElo "1929"]
[BlackElo "2039"]
[PlyCount "111"]
[EventDate "2018.06.08"]
[EventType "swiss"]
[EventRounds "5"]
[EventCountry "CAN"]

1. e4 e6 2. d4 d5 3. Nd2 c5 4. exd5 exd5 5. c3 cxd4 6. cxd4 Nc6 7. Bd3 Nf6 8.
Ngf3 Bd6 9. O-O O-O 10. Re1 Bg4 11. Nb3 a5 12. Be3 Ne4 13. h3 Bh5 14. g4 Bg6
15. Nc5 Bxc5 16. dxc5 f5 17. Bf1 Kh8 18. Bg2 Rc8 19. a3 f4 20. Bd4 Nxd4 21.
Nxd4 Qh4 22. Re2 Ng5 23. f3 Nxh3+ 24. Bxh3 Qxh3 25. Qd2 Qh4 26. b4 Qf6 27. Rae1
axb4 28. axb4 Rce8 29. Rxe8 Rxe8 30. Rxe8+ Bxe8 31. Ne2 Bc6 32. Qxf4 Qd8 33.
Nd4 Qe8 34. Kf2 h6 35. Qd6 Kh7 36. Ne6 h5 37. g5 Qf7 38. Nf8+ Kg8 39. Ng6 d4
40. Ne7+ Kh8 41. Nxc6 bxc6 42. Qxc6 Qa2+ 43. Kg3 Qd2 44. Qe8+ Kh7 45. Qxh5+ Kg8
46. Qe8+ Kh7 47. Qh5+ Kg8 48. g6 Qe1+ 49. Kg4 Qg1+ 50. Kf5 Qb1+ 51. Ke5 d3 52.
Qh7+ Kf8 53. Qh8+ Ke7 54. Qxg7+ Kd8 55. Kd6 Qe1 56. Qd7# 1-0

[Event "Montreal CC-ch"]
[Site "Montreal CAN"]
[Date "2018.06.10"]
[Round "4.4"]
[White "Lopez Linares, Lizandro"]
[Black "Yu, Zong Yang"]
[Result "0-1"]
[WhiteElo "2211"]
[BlackElo "2483"]
[PlyCount "42"]
[EventDate "2018.06.08"]
[EventType "swiss"]
[EventRounds "5"]
[EventCountry "CAN"]

1. d4 Nf6 2. Nf3 g6 3. Bg5 Bg7 4. Nbd2 O-O 5. c3 d6 6. e4 c5 7. dxc5 dxc5 8.
Bc4 Nc6 9. Qe2 Na5 10. Bd3 Be6 11. O-O h6 12. Bh4 Nh5 13. Qe3 Qc7 14. Rfe1 Rfd8
15. Bc2 g5 16. Bg3 Nxg3 17. hxg3 Rd7 18. a3 Rad8 19. Rad1 Qb6 20. b3 c4 21.
Qxb6 axb6 0-1

[Event "Montreal CC-ch"]
[Site "Montreal CAN"]
[Date "2018.06.10"]
[Round "4.5"]
[White "Turgeon, Yoakim"]
[Black "Tanaka, Tyler"]
[Result "0-1"]
[WhiteElo "1838"]
[BlackElo "2074"]
[PlyCount "48"]
[EventDate "2018.06.08"]
[EventType "swiss"]
[EventRounds "5"]
[EventCountry "CAN"]

1. d4 Nf6 2. e3 g6 3. Bd3 Bg7 4. f4 d6 5. Nf3 O-O 6. e4 c5 7. c3 cxd4 8. cxd4
Nc6 9. e5 dxe5 10. fxe5 Nd5 11. Nc3 Bg4 12. Be4 Nb6 13. Be3 Nc4 14. Bf2 Bxf3
15. Bxf3 Nxb2 16. Qb1 Qb6 17. Be2 Qb4 18. Kd2 Nxd4 19. Bxd4 Qxd4+ 20. Kc2 Qxe5
21. Qxb2 Rac8 22. Rac1 Rxc3+ 23. Kb1 Rxc1+ 24. Qxc1 Qa1+ 0-1

[Event "Montreal CC-ch"]
[Site "Montreal CAN"]
[Date "2018.06.10"]
[Round "4.6"]
[White "Baran, Marius"]
[Black "Zhong, Kevin"]
[Result "0-1"]
[WhiteElo "1759"]
[BlackElo "2049"]
[PlyCount "142"]
[EventDate "2018.06.08"]
[EventType "swiss"]
[EventRounds "5"]
[EventCountry "CAN"]

1. e4 c5 2. Nf3 g6 3. d4 cxd4 4. Nxd4 Bg7 5. Be3 Nc6 6. Bc4 Nf6 7. Nc3 Qa5 8.
O-O O-O 9. Qd2 Qb4 10. Nxc6 bxc6 11. Qd3 Ng4 12. a3 Qxb2 13. Bd4 Ne5 14. Qe2
Nxc4 15. Bxg7 Kxg7 16. Qxc4 Qb6 17. Rab1 Qa5 18. Qb4 Qxb4 19. Rxb4 d6 20. Rfb1
f5 21. f3 Kf7 22. Kf2 h6 23. Ke3 Ke6 24. a4 fxe4 25. Nxe4 d5 26. Nc5+ Kd6 27.
Nb7+ Bxb7 28. Rxb7 g5 29. a5 Rf4 30. Ra1 a6 31. Rb6 Rc4 32. Kd3 Rc5 33. Ra3 h5
34. Rc3 Rxc3+ 35. Kxc3 g4 36. f4 g3 37. hxg3 Rg8 38. Rxa6 Rxg3+ 39. Kb2 Rxg2
40. Ra8 h4 41. a6 Kc7 42. Rh8 Kb6 43. Rxh4 Kxa6 44. Rh6 Kb5 45. Re6 Rg7 46. Kc3
Rf7 47. Kd3 Rxf4 48. Rxe7 Kc5 49. Re3 Ra4 50. Re5 Rd4+ 51. Kc3 Re4 52. Rh5 Re3+
53. Kd2 Rg3 54. c3 Kb5 55. Rh4 c5 56. Kc2 Re3 57. Rh8 Kc4 58. Rh4+ Re4 59. Rh3
Re2+ 60. Kd1 Rg2 61. Rf3 Kb3 62. Rf5 Kxc3 63. Rxd5 c4 64. Rd8 Rg1+ 65. Ke2 Kb2
66. Rd2+ Kc1 67. Rd4 c3 68. Rc4 c2 69. Rb4 Rg8 70. Rb7 Ra8 71. Rb6 Ra2 0-1

[Event "Montreal CC-ch"]
[Site "Montreal CAN"]
[Date "2018.06.10"]
[Round "4.7"]
[White "Jacquet, Stephane"]
[Black "Gauthier, Denis"]
[Result "1-0"]
[WhiteElo "2044"]
[BlackElo "1848"]
[PlyCount "80"]
[EventDate "2018.06.08"]
[EventType "swiss"]
[EventRounds "5"]
[EventCountry "CAN"]

1. d4 Nf6 2. c4 e6 3. Nf3 Bb4+ 4. Bd2 c5 5. Bxb4 cxb4 6. g3 O-O 7. Bg2 d6 8.
O-O Nc6 9. d5 exd5 10. cxd5 Ne7 11. Ne1 Bf5 12. Qd4 a5 13. e4 Bd7 14. Nd2 Bb5
15. Nd3 Qd7 16. Rfc1 Rfc8 17. b3 Bxd3 18. Qxd3 Rc7 19. Nc4 Rac8 20. Rd1 Qd8 21.
e5 Ne8 22. Bh3 Rb8 23. e6 f6 24. Qd4 Rc5 25. Ne3 Nc7 26. Bg2 Nb5 27. Qh4 Nc3
28. Rd2 Qe8 29. Be4 Nxe4 30. Qxe4 Qh5 31. Kg2 Rbc8 32. h4 b5 33. Rad1 Rc3 34.
Qf4 Qe5 35. Qxe5 fxe5 36. Rb1 R8c5 37. Kf3 Nf5 38. Ke4 Nd4 39. f4 exf4 40. gxf4
g6 1-0

[Event "Montreal CC-ch"]
[Site "Montreal CAN"]
[Date "2018.06.10"]
[Round "4.8"]
[White "Nesterov, Timour"]
[Black "Templonuevo, Mark Geryl"]
[Result "1-0"]
[WhiteElo "1956"]
[BlackElo "1838"]
[PlyCount "95"]
[EventDate "2018.06.08"]
[EventType "swiss"]
[EventRounds "5"]
[EventCountry "CAN"]

1. d4 Nf6 2. Bf4 e6 3. Nf3 Bd6 4. Bg5 Be7 5. Nbd2 c5 6. c3 d5 7. e3 Qb6 8. Rb1
O-O 9. Bd3 Nc6 10. Ne5 h6 11. Bh4 c4 12. Bc2 Qc7 13. f4 b5 14. O-O Nd7 15. Qg4
f5 16. Qh5 Ndxe5 17. fxe5 Bxh4 18. Qxh4 Bd7 19. g4 Qd8 20. Qg3 Qg5 21. Rf4 Rf7
22. Nf3 Qd8 23. g5 Kf8 24. gxh6 gxh6 25. Kh1 Rg7 26. Qh3 Rg6 27. Nh4 Rg5 28.
Ng2 h5 29. Rh4 Be8 30. Nf4 Bf7 31. Nxh5 Ke7 32. Nf6 Bg6 33. Bd1 f4 34. exf4
Bxb1 35. fxg5 Qf8 36. Bh5 Qg7 37. g6 Qh6 38. Bd1 Qxg6 39. Rh7+ Kf8 40. Rh8+ Ke7
41. Rxa8 Be4+ 42. Bf3 Bxf3+ 43. Qxf3 Qb1+ 44. Kg2 Qg6+ 45. Ng4 Qc2+ 46. Kg3 Qd3
47. Qxd3 cxd3 48. Kf3 1-0

[Event "Montreal CC-ch"]
[Site "Montreal CAN"]
[Date "2018.06.10"]
[Round "4.9"]
[White "Audet, Eric"]
[Black "Chang, Alexander RZ"]
[Result "1/2-1/2"]
[WhiteElo "1644"]
[BlackElo "1945"]
[PlyCount "59"]
[EventDate "2018.06.08"]
[EventType "swiss"]
[EventRounds "5"]
[EventCountry "CAN"]

1. e4 e5 2. Nf3 Nc6 3. Bb5 a6 4. Ba4 Nf6 5. O-O b5 6. Bb3 Be7 7. Re1 d6 8. c3
O-O 9. h3 Na5 10. Bc2 c5 11. d3 Nc6 12. Nbd2 Be6 13. Nf1 Qc7 14. Ng3 Rfe8 15.
Bb3 c4 16. Bc2 d5 17. Be3 Rad8 18. dxc4 dxe4 19. Nd2 Bxc4 20. Ngxe4 Nd5 21. Qf3
Nxe3 22. Qxe3 Be6 23. Ng5 Bxg5 24. Qxg5 Qe7 25. Qe3 g6 26. Nb3 Bxb3 27. Bxb3
Na5 28. Rad1 Nxb3 29. axb3 Rxd1 30. Rxd1 1/2-1/2

[Event "Montreal CC-ch"]
[Site "Montreal CAN"]
[Date "2018.06.10"]
[Round "4.10"]
[White "Millette, Sylvain"]
[Black "Morin, Louis"]
[Result "0-1"]
[WhiteElo "1647"]
[BlackElo "1875"]
[PlyCount "104"]
[EventDate "2018.06.08"]
[EventType "swiss"]
[EventRounds "5"]
[EventCountry "CAN"]

1. Nf3 c5 2. g3 Nc6 3. Bg2 e5 4. e4 Nf6 5. d3 d6 6. c3 Be7 7. O-O O-O 8. Na3
Bg4 9. Nc2 d5 10. exd5 Nxd5 11. Ne3 Nxe3 12. fxe3 e4 13. dxe4 Qxd1 14. Rxd1 Ne5
15. Kf2 Bxf3 16. Bxf3 Rad8 17. Rd5 Bf6 18. Be2 b6 19. Bd2 Nc6 20. Rd1 Ne7 21.
Rxd8 Rxd8 22. Bc1 Rxd1 23. Bxd1 Be5 24. c4 g6 25. Bc2 Kg7 26. b3 Kf6 27. Bd2 h5
28. Bd1 Nc8 29. h3 Nd6 30. Kf3 g5 31. g4 hxg4+ 32. hxg4 Ke6 33. Bc2 Ne8 34. Be1
Nf6 35. Bg3 Bxg3 36. Kxg3 Ke5 37. Kf3 Nd7 38. a4 Nb8 39. Ke2 Nc6 40. Kd2 Nb4
41. Bb1 a6 42. Kc3 f6 43. Kd2 Kd6 44. Kc3 Kc6 45. Bd3 Nxd3 46. Kxd3 Kd6 47. Ke2
Ke5 48. Kf3 a5 49. Kf2 Kxe4 50. Ke2 f5 51. gxf5 Kxf5 52. Kf3 Ke5 0-1

[Event "Montreal CC-ch"]
[Site "Montreal CAN"]
[Date "2018.06.10"]
[Round "4.11"]
[White "Richard, Leo"]
[Black "Tsukerman, Julia"]
[Result "1/2-1/2"]
[WhiteElo "1875"]
[BlackElo "1583"]
[PlyCount "136"]
[EventDate "2018.06.08"]
[EventType "swiss"]
[EventRounds "5"]
[EventCountry "CAN"]

1. e4 c5 2. Ne2 Nc6 3. Nbc3 Nf6 4. g3 e6 5. Bg2 Be7 6. O-O O-O 7. d3 a6 8. a4
Rb8 9. h3 b6 10. f4 d5 11. e5 Ne8 12. Kh2 f6 13. exf6 Bxf6 14. f5 Nc7 15. fxe6
Bxe6 16. Bf4 Ne7 17. Bxc7 Qxc7 18. Nf4 Qd7 19. Qe2 Bf7 20. Rfe1 Rfe8 21. Qf3
Rbd8 22. Nfxd5 Nxd5 23. Nxd5 Bxd5 24. Qxd5+ Qxd5 25. Rxe8+ Rxe8 26. Bxd5+ Kf8
27. Be4 g6 28. c3 c4 29. Rf1 Kg7 30. Kg2 Re5 31. Kf3 cxd3 32. Bxd3 Ra5 33. Bc2
Rd5 34. Rd1 Rxd1 35. Bxd1 Kf7 36. Ke4 Ke6 37. Bb3+ Kd6 38. Bg8 h6 39. Bf7 g5
40. Kf5 Bg7 41. Kg6 Bf8 42. Bc4 a5 43. Kf7 Be7 44. Kg7 h5 45. Kg6 h4 46. gxh4
gxh4 47. Kf5 Kc5 48. Bb5 Kd5 49. Be8 Bd8 50. Bf7+ Kd6 51. Ke4 Ke7 52. Bh5 Kd6
53. Kd4 Bf6+ 54. Kc4 Kc6 55. Bf3+ Kd6 56. Kb5 Kc7 57. Kc4 Kd6 58. b4 Bd8 59.
bxa5 bxa5 60. Kb5 Bc7 61. c4 Kd7 62. Bg4+ Kd8 63. c5 Ke7 64. Kc6 Kd8 65. Kb7
Bg3 66. Kb6 Bc7+ 67. Kc6 Bg3 68. Kd5 Kc7 1/2-1/2

[Event "Montreal CC-ch"]
[Site "Montreal CAN"]
[Date "2018.06.10"]
[Round "5.2"]
[White "Yu, Zong Yang"]
[Black "Soudre, Nicolas"]
[Result "1-0"]
[WhiteElo "2483"]
[BlackElo "2240"]
[PlyCount "94"]
[EventDate "2018.06.08"]
[EventType "swiss"]
[EventRounds "5"]
[EventCountry "CAN"]

1. d4 e6 2. Nf3 Nf6 3. c4 Bb4+ 4. Bd2 a5 5. g3 b6 6. Bg2 Bb7 7. O-O O-O 8. Bg5
Be7 9. Re1 Ne4 10. Bxe7 Qxe7 11. Nfd2 d5 12. Nc3 f5 13. Rc1 c6 14. e3 Nd7 15.
Rc2 Ba6 16. b3 b5 17. Bf1 Rfb8 18. Ncxe4 dxe4 19. f3 exf3 20. Nxf3 bxc4 21.
bxc4 c5 22. e4 fxe4 23. Rxe4 cxd4 24. Qxd4 Bb7 25. Re3 Bxf3 26. Rxf3 Qc5 27.
Qxc5 Nxc5 28. Rff2 Rd8 29. Rb2 Rab8 30. Rb5 Rxb5 31. cxb5 Na4 32. Bc4 Rd6 33.
a3 Nb6 34. Ba2 g5 35. Kf1 Kg7 36. Ke2 h5 37. Ke3 a4 38. Ke4 Rd1 39. Rc2 Kf6 40.
Rc6 Nd5 41. b6 Re1+ 42. Kd4 Rd1+ 43. Kc5 Rc1+ 44. Kd6 Rd1 45. Bxd5 Rxd5+ 46.
Kc7 Ke7 47. b7 Rd7+ 1-0

[Event "Montreal CC-ch"]
[Site "Montreal CAN"]
[Date "2018.06.10"]
[Round "5.3"]
[White "Tanaka, Tyler"]
[Black "Abdelaal, Ibrahim"]
[Result "1/2-1/2"]
[WhiteElo "2074"]
[BlackElo "1929"]
[PlyCount "32"]
[EventDate "2018.06.08"]
[EventType "swiss"]
[EventRounds "5"]
[EventCountry "CAN"]

1. e4 d5 2. exd5 Nf6 3. d4 Nxd5 4. c4 Nb4 5. Qa4+ N4c6 6. a3 Na6 7. d5 Nc5 8.
Qb5 e5 9. dxc6 b6 10. Ke2 a6 11. Qb4 Qd3+ 12. Ke1 Qe4+ 13. Kd1 Bf5 14. Qc3
O-O-O+ 15. Nd2 Qxc6 16. Ke1 Nd3+ 1/2-1/2

[Event "Montreal CC-ch"]
[Site "Montreal CAN"]
[Date "2018.06.10"]
[Round "5.4"]
[White "Zhong, Kevin"]
[Black "Nesterov, Timour"]
[Result "1-0"]
[WhiteElo "2049"]
[BlackElo "1956"]
[PlyCount "51"]
[EventDate "2018.06.08"]
[EventType "swiss"]
[EventRounds "5"]
[EventCountry "CAN"]

1. e4 e6 2. Nf3 d5 3. Nc3 dxe4 4. Nxe4 Nd7 5. d4 Ngf6 6. Nxf6+ Nxf6 7. Bd3 c5
8. Be3 Nd5 9. Qe2 Nxe3 10. fxe3 Be7 11. O-O Bf6 12. c3 O-O 13. Rad1 cxd4 14.
exd4 g6 15. Ne5 Bg7 16. Rf2 Bd7 17. h4 Bc6 18. h5 Qh4 19. hxg6 hxg6 20. Rdf1
Bxe5 21. Qxe5 Rad8 22. Bxg6 fxg6 23. Qxe6+ Kg7 24. Rf7+ Rxf7 25. Rxf7+ Kh8 26.
Qe5+ 1-0

[Event "Montreal CC-ch"]
[Site "Montreal CAN"]
[Date "2018.06.10"]
[Round "5.5"]
[White "Pomerantz, Daniel"]
[Black "Jacquet, Stephane"]
[Result "1/2-1/2"]
[WhiteElo "2047"]
[BlackElo "2044"]
[PlyCount "45"]
[EventDate "2018.06.08"]
[EventType "swiss"]
[EventRounds "5"]
[EventCountry "CAN"]

1. e4 d6 2. d4 Nf6 3. Nc3 g6 4. Nf3 Bg7 5. h3 O-O 6. Be3 Nc6 7. Bd3 e5 8. dxe5
Nxe5 9. Nxe5 dxe5 10. Bc5 Re8 11. Bc4 Qxd1+ 12. Rxd1 c6 13. a4 Bf8 14. Bxf8
Kxf8 15. g4 h6 16. Ke2 Nh7 17. Ke3 Ke7 18. f3 Ng5 19. Ne2 f5 20. h4 f4+ 21. Kf2
Ne6 22. Rd2 Bd7 23. Rhd1 1/2-1/2

[Event "Montreal CC-ch"]
[Site "Montreal CAN"]
[Date "2018.06.10"]
[Round "5.6"]
[White "Morin, Louis"]
[Black "Richard, Leo"]
[Result "1-0"]
[WhiteElo "1875"]
[BlackElo "1875"]
[PlyCount "33"]
[EventDate "2018.06.08"]
[EventType "swiss"]
[EventRounds "5"]
[EventCountry "CAN"]

1. e4 d6 2. d4 Nf6 3. Nc3 g6 4. Be3 Bg7 5. f3 O-O 6. Qd2 c6 7. Bh6 Bxh6 8. Qxh6
Qb6 9. O-O-O Nbd7 10. h4 Re8 11. Bc4 e6 12. Nh3 d5 13. e5 dxc4 14. Ng5 Qb4 15.
exf6 Nxf6 16. Nce4 Qe7 17. h5 1-0

[Event "Montreal CC-ch"]
[Site "Montreal CAN"]
[Date "2018.06.10"]
[Round "5.7"]
[White "Zheng, Richard"]
[Black "Lamoureux, Yvon"]
[Result "1-0"]
[WhiteElo "2039"]
[BlackElo "1696"]
[PlyCount "61"]
[EventDate "2018.06.08"]
[EventType "swiss"]
[EventRounds "5"]
[EventCountry "CAN"]

1. d4 Nf6 2. c4 c5 3. d5 e6 4. Nc3 exd5 5. cxd5 d6 6. e4 g6 7. Bd3 Bg7 8. f4
O-O 9. Nf3 Na6 10. Bxa6 bxa6 11. O-O Rb8 12. Re1 Bb7 13. Qc2 Re8 14. h3 Nd7 15.
Be3 Qc7 16. Rad1 Ba8 17. Bf2 Rb4 18. a3 Rbb8 19. Bg3 Qb6 20. Re2 Qb3 21. Qxb3
Rxb3 22. e5 f5 23. Rde1 Nb6 24. exd6 Rxe2 25. Rxe2 Kf8 26. Ne5 Bxe5 27. fxe5
Nxd5 28. Nxd5 Bxd5 29. e6 Bxe6 30. Rxe6 Rxg3 31. d7 1-0

[Event "Montreal CC-ch"]
[Site "Montreal CAN"]
[Date "2018.06.10"]
[Round "5.8"]
[White "Chang, Alexander RZ"]
[Black "Chapdelaine, Gwyn"]
[Result "1-0"]
[WhiteElo "1945"]
[BlackElo "1395"]
[PlyCount "65"]
[EventDate "2018.06.08"]
[EventType "swiss"]
[EventRounds "5"]
[EventCountry "CAN"]

1. e4 e5 2. Nf3 Nc6 3. Bc4 Nf6 4. d3 h6 5. O-O Bc5 6. c3 d6 7. Bb3 Bg4 8. Nbd2
O-O 9. h3 Bh5 10. Re1 d5 11. exd5 Nxd5 12. Ne4 Bb6 13. Ng3 Bxf3 14. Qxf3 Nf6
15. Nf5 Kh7 16. Qg3 g6 17. Nxh6 Nh5 18. Qf3 f5 19. Nf7 Qf6 20. Bg5 Qg7 21. Bh6
Qf6 22. Bxf8 Rxf8 23. Bd5 Nf4 24. Bxc6 Rxf7 25. Bd5 Rd7 26. Bc4 a6 27. d4 Nh5
28. dxe5 Qh4 29. Bf1 g5 30. Qxf5+ Kh6 31. Qe6+ Kg7 32. Qxd7+ Kg6 33. Bd3+ 1-0

[Event "Montreal CC-ch"]
[Site "Montreal CAN"]
[Date "2018.06.10"]
[Round "5.9"]
[White "Barko, Maxim"]
[Black "Audet, Eric"]
[Result "1-0"]
[WhiteElo "1919"]
[BlackElo "1644"]
[PlyCount "117"]
[EventDate "2018.06.08"]
[EventType "swiss"]
[EventRounds "5"]
[EventCountry "CAN"]

1. d4 c6 2. c4 d5 3. Nc3 Nf6 4. Nf3 a6 5. c5 Bf5 6. Nh4 Bg6 7. Bg5 Nbd7 8. h3
Qc8 9. e3 e6 10. Rc1 Be7 11. Be2 Bd8 12. O-O Bc7 13. Bxf6 Nxf6 14. f4 Ne4 15.
Nxg6 Nxc3 16. Rxc3 hxg6 17. b4 f5 18. a4 Bd8 19. Rb3 Kf7 20. Qb1 Rb8 21. b5
axb5 22. axb5 Bc7 23. Rf3 Rh4 24. Bf1 Kf6 25. Qe1 Rh8 26. Rg3 Kf7 27. Qb1 Rh4
28. Qe1 Rh8 29. Rg5 Bd8 30. Qg3 Bxg5 31. fxg5 Ra8 32. bxc6 bxc6 33. Rb6 Rd8 34.
Qf4 Rd7 35. g4 Qc7 36. Qf3 Ra2 37. Be2 Rd8 38. h4 Rh8 39. h5 Ke7 40. gxf5 exf5
41. h6 gxh6 42. e4 dxe4 43. Qb3 Ra7 44. d5 cxd5 45. Qc3 d4 46. Qb3 Ra1+ 47. Kg2
Qxb6 48. Qxb6 hxg5 49. Qd6+ Kf7 50. Bc4+ Kg7 51. Qxd4+ Kh7 52. Qxa1 Rf8 53. c6
f4 54. Qe5 Rf5 55. Qxe4 g4 56. c7 f3+ 57. Kf2 g3+ 58. Kxg3 f2 59. Qxf5 1-0

[Event "Montreal CC-ch"]
[Site "Montreal CAN"]
[Date "2018.06.10"]
[Round "5.10"]
[White "Ostaci, Liviu"]
[Black "O'Neill, Brendon"]
[Result "1-0"]
[WhiteElo "1655"]
[BlackElo "1710"]
[PlyCount "120"]
[EventDate "2018.06.08"]
[EventType "swiss"]
[EventRounds "5"]
[EventCountry "CAN"]

1. Nf3 Nf6 2. d4 c5 3. e3 cxd4 4. exd4 e6 5. Bd3 d5 6. O-O Bd6 7. Re1 O-O 8.
Nbd2 b6 9. Nf1 Bb7 10. Ng3 Nbd7 11. Ne5 Qc7 12. Nxd7 Nxd7 13. Qh5 Nf6 14. Qh3
Ne4 15. f3 Bxg3 16. hxg3 Qxg3 17. Qxg3 Nxg3 18. Kf2 Nh5 19. g4 Nf6 20. Bg5 Nd7
21. Be7 Rfe8 22. Ba3 a6 23. Rh1 g6 24. Rh3 Kg7 25. Rah1 Rh8 26. Bd6 Rae8 27. f4
Rc8 28. g5 Rc6 29. Be5+ Nxe5 30. fxe5 b5 31. a3 Rc7 32. Rh6 Bc8 33. c3 Bd7 34.
Ke3 a5 35. Kd2 b4 36. cxb4 axb4 37. Rc1 Rxc1 38. Kxc1 bxa3 39. bxa3 Rb8 40. Bc2
Rc8 41. Kb2 Bb5 42. Bb3 Rb8 43. Kc3 Ra8 44. Kb4 Bc4 45. Bxc4 dxc4 46. Rh3 Rc8
47. a4 Kf8 48. Rxh7 Ke7 49. Rh3 Rc7 50. a5 Kd8 51. Rc3 Kc8 52. Rxc4 Rxc4+ 53.
Kxc4 Kc7 54. Kc5 Kb7 55. d5 exd5 56. Kxd5 Ka6 57. e6 fxe6+ 58. Kxe6 Kxa5 59.
Kf6 Kb6 60. Kxg6 Kc7 1-0

[Event "Montreal CC-ch"]
[Site "Montreal CAN"]
[Date "2018.06.10"]
[Round "5.11"]
[White "Gauthier, Denis"]
[Black "Tsukerman, Julia"]
[Result "1-0"]
[WhiteElo "1848"]
[BlackElo "1583"]
[PlyCount "131"]
[EventDate "2018.06.08"]
[EventType "swiss"]
[EventRounds "5"]
[EventCountry "CAN"]

1. d4 Nf6 2. c4 e6 3. Nf3 d5 4. Nc3 Be7 5. Bg5 O-O 6. e3 h6 7. Bh4 a6 8. Qc2
dxc4 9. Bxc4 c5 10. dxc5 Bxc5 11. O-O Nc6 12. a3 Be7 13. b4 b5 14. Be2 Bb7 15.
Rfd1 Qb6 16. Rac1 Rfd8 17. Qb3 Rxd1+ 18. Rxd1 Rd8 19. Rc1 Nd5 20. Bxe7 Ncxe7
21. Rd1 Rc8 22. Nxd5 Nxd5 23. Qb2 Qc7 24. Nd4 e5 25. Nf3 Nc3 26. Re1 Nxe2+ 27.
Qxe2 Qc3 28. Rd1 e4 29. Nd4 Qxa3 30. Qd2 Rc3 31. Rb1 Bd5 32. h3 Rd3 33. Qc2 Qc3
34. Qe2 Rd2 35. Qh5 Ba2 36. Rf1 Qxb4 37. Qe5 Bc4 38. Ra1 Ra2 39. Rxa2 Bxa2 40.
Qxe4 Qb1+ 41. Qxb1 Bxb1 42. Kf1 Bd3+ 43. Ke1 Kf8 44. Kd2 Be4 45. f3 Bb7 46. Nf5
a5 47. Kc3 h5 48. Kd4 Bc6 49. Kc5 Bd7 50. Nd4 a4 51. Nc2 Ke7 52. h4 f6 53. f4
Ke6 54. e4 Kf7 55. g3 Ke7 56. Na3 Kd8 57. Nc2 Kc7 58. Na3 Bc6 59. e5 fxe5 60.
fxe5 Be8 61. Nc2 Kd8 62. Kd6 Bg6 63. Nb4 a3 64. e6 Bb1 65. e7+ Ke8 66. Nd5 1-0

[Event "Montreal Summer Classic"]
[Site "Montreal CAN"]
[Date "2018.07.30"]
[Round "1"]
[White "Hua, Eugene"]
[Black "Chen, Richard"]
[Result "0-1"]
[WhiteElo "2340"]
[BlackElo "2312"]
[PlyCount "62"]
[EventDate "2018.07.30"]
[EventType "tourn"]
[EventRounds "9"]
[EventCountry "CAN"]

1. e4 c5 2. Nf3 Nc6 3. Bb5 e6 4. Bxc6 bxc6 5. Qe2 Ne7 6. b3 Ng6 7. Bb2 f6 8. e5
Be7 9. O-O O-O 10. exf6 Bxf6 11. Bxf6 Qxf6 12. Nc3 d5 13. Rfe1 Qf5 14. d3 Rb8
15. a3 Rb7 16. Na4 e5 17. Nxc5 Re7 18. Qe3 Nf4 19. Nd2 Rf6 20. Nf1 Qg5 21. Ng3
h5 22. h4 Qxh4 23. d4 e4 24. Nd3 Nxg2 25. Kxg2 Bh3+ 26. Kg1 Rf3 27. Qd2 e3 28.
Rxe3 Rexe3 29. Re1 Rxg3+ 30. fxg3 Rxg3+ 31. Kh1 Bg4+ 0-1